| 000 | 00773nam a2200181 a 4500 | ||
|---|---|---|---|
| 005 | 20140412111333.0 | ||
| 008 | 050418s19uu xx 00 eng d | ||
| 020 | _a0-934140-51-0 | ||
| 050 |
_aTR(GS 372.13 _bR34 1988 |
||
| 100 | _aRasmussen, Richard Michael | ||
| 245 |
_aThe kids' encyclopedia of things to make and do / _ccompiled and written by Richard Michael Rasmussen and Ronda Lea Rasmussen ; illustrated by Pamela Morehouse. |
||
| 260 |
_aMinnesota : _bToys 'n Things Press, _c1988. |
||
| 300 | _a244 p. ; ill. | ||
| 520 | _aInstructions for over 1800 art and craft projects which are listed in alphabetical order by subject. | ||
| 650 |
_aCreative activities ans seat work _xJuvenile literature |
||
| 650 |
_aHandicraft _xJuvenile literature |
||
| 999 |
_c104985 _d104985 |
||